000 01071nam a2200253 a 4500
001 22281
003 UkOxU
005 20211209000804.0
008 140308r19601953enk 000 1 eng u
035 _a(BD-RjUL)22346
040 _aMnU
_beng
_cCaOTULAS
_dMnU
_dBD-RjUL
041 _aeng
082 _a822.912
_bRAC V-1 1960
100 1 _aRattigan, Terence.
_961512
245 1 4 _aThe collected plays of Terence Rattigan /
_bby Terence Rattigan.
_nVolume One
260 _aLondon :
_bH. Hamilton,
_c[Impression 1960].
300 _av. ;
_c21 cm.
505 1 _av.1. French without tears.- Flare path.- While the sun shines.- Love in idleness.- The Winslow boy.- v.2. The Browning version.- Harlequinade.- Adventure story.- Who is Sylvia?- The deep blue sea.- v.3. The sleeping prince.- Separate tables.- Variation on a theme.- Ross.- Heart to heart.-- v.4. Man and boy. A bequest to the nation. In praise of love. Before dawn. Cause celebre.
650 0 _aEnglish drama
_968786
942 _2ddc
_cBK
999 _c22281
_d22281